000 00798nam a22002297a 4500
999 _c13270
_d13270
003 AR-CdUCM
008 190411b ||||| |||| 00| 0 spa d
020 _a968-16-1616-4
040 _aMUNICIPALIDAD PROVINCIAL DEL CUSCO
_cBIBLIOTECA MUNICIPAL DEL CUSCO
082 _a082.974 /
_bC29
100 _aCarballido, Emilio
_94322
245 _aRosalba y los llaveros :
_bY otras obras de teatro /
260 _aMéxico :
_bFondo de cultura económica,
_c1965.
300 _a205 páginas ;
_c21 cm.
440 _aLecturas mexicanas
_n24
_931597
505 _aContenido : El relojero de Córdoba -- Rosalba y los llaveros -- El día que se soltaron los leones ...
650 _aTeatro
_9173
650 _aMexicana
_913614
650 _aSiglo XX
_98
942 _2ddc
_cLIBROS
945 _arah
_d11/04/2019